000 00448pab a2200169 454500
008 180718b2003 xxu||||| |||| 00| 0 eng d
100 _aSing, Daljeet
245 _aDesirability of instant divorce by the judiciary: a critique
260 _c2003
300 _ap.439-52.
362 _aJul-Dec
650 _aJudiciary
650 _aDivorce
650 _aFamily disorganization
773 _aJournal of the Indian Law Institute
909 _a60079
999 _c60079
_d60079